Normal view
MARC view
- Asst Prof Arshad ali
Entry Personal Name
001 - CONTROL NUMBER
- control field: 50790
003 - CONTROL NUMBER IDENTIFIER
- control field: NUST
005 - DATE AND TIME OF LATEST TRANSACTION
- control field: 20210314134803.0
008 - FIXED-LENGTH DATA ELEMENTS
- fixed length control field: 210314|| aca||aabn | a|a d
040 ## - CATALOGING SOURCE
- Original cataloging agency: NUST
- Transcribing agency: NUST
100 ## - HEADING--PERSONAL NAME
- Personal name: Asst Prof Arshad ali
670 ## - SOURCE DATA FOUND
- Source citation: Work cat.: (NUST): Sameer bin saleem, Capt. 50789, Use of marbel slurry as filler materials and crushed stone waste as replacement of sand in concrete , 2015.
